Statistiques concernant La taille des footballeurs

Cliquez ici pour prendre le quiz!

Statistiques générales

  • Ce quiz a été pris 126 fois
  • Le résultat moyen est 15 sur 15

Statistiques - réponses

HintRéponse% Correct
Neymar175
100%
Salah175
100%
Ronaldo187
100%
Van Dijk195
100%
Haaland195
100%
Messi170
99%
Modric172
99%
Neuer193
99%
De Bruyne181
98%
Heung-Min Son183
98%
Lewandowski185
98%
Benzema185
98%
Griezmann176
97%
Mbappe178
96%
Suarez182
96%

Distribution des résultats

Percentile par nombre de réponses

% des personnes avec chaque résultat

Votre développement - résultats

Vous n’avez pas pris ce quiz